Estimación de la huella ecológica, huella de carbono y diseño del plan de gestión (Registro nro. 2498)
[ vista simple ]
| 000 -LEADER | |
|---|---|
| campo de control de longitud fija | 02152nam a22003377a 4500 |
| 001 - NÚMERO DE CONTROL | |
| campo de control | 42835 |
| 003 - IDENTIFICADOR DE NÚMERO DE CONTROL | |
| campo de control | gtgccic |
| 005 - FECHA Y HORA DE LA ÚLTIMA TRANSACCIÓN | |
| campo de control | 20251105151907.0 |
| 007 - CAMPO FIJO DE DESCRIPCIÓN FÍSICA--INFORMACIÓN GENERAL | |
| campo de control de longitud fija | ta |
| 008 - DATOS DE LONGITUD FIJA--INFORMACIÓN GENERAL | |
| campo de control de longitud fija | 251105b gt ||||| |||| 00| 0 spa d |
| 040 ## - FUENTE DE CATALOGACIÓN | |
| Centro catalogador/agencia de origen | gtgccic |
| Lengua de catalogación | spa |
| Centro/agencia transcriptor | gtgccic |
| Normas de descripción | rda |
| 084 ## - OTRO NÚMERO DE CLASIFICACIÓN | |
| Número de control del registro de autoridad o número normalizado | TPI-16-0099 |
| 100 10 - ENTRADA PRINCIPAL--NOMBRE DE PERSONA | |
| Nombre de persona | Jorge Andrés Gálvez Aguilar |
| Fechas asociadas al nombre | Ingeniero en Desarrollo Socioeconómico y en Ambiente |
| Término indicativo de función/relación | autor |
| 245 10 - MENCIÓN DEL TÍTULO | |
| Título | Estimación de la huella ecológica, huella de carbono y diseño del plan de gestión |
| Resto del título | para lo organización cáritas diócesis de Zacapa, Guatemala / |
| Mención de responsabilidad, etc. | Gálvez Aguilar, Jorge Aandrés |
| 264 #1 - PRODUCCIÓN, PUBLICACIÓN, DISTRIBUCIÓN, FABRICACIÓN Y COPYRIGHT | |
| Producción, publicación, distribución, fabricación y copyright | Guatemala, Guatemala : |
| Nombre del de productor, editor, distribuidor, fabricante | USAC, Facultad de Ingeniería ; |
| Fecha de producción, publicación, distribución, fabricación o copyright | 2016.- |
| 300 ## - DESCRIPCIÓN FÍSICA | |
| Extensión | xx, 52 pag. : |
| Otras características físicas | il. ; |
| Dimensiones | 27 cm |
| 336 ## - TIPO DE CONTENIDO | |
| Fuente | rdacontenido |
| Término de tipo de contenido | Texto |
| Código de tipo de contenido | txt |
| 337 ## - TIPO DE MEDIO | |
| Fuente | rdamedio |
| Nombre/término del tipo de medio | sin mediación |
| Código del tipo de medio | n |
| 338 ## - TIPO DE SOPORTE | |
| Fuente | rdasoporte |
| Nombre/término del tipo de soporte | volumen |
| Código del tipo de soporte | nc |
| 502 ## - NOTA DE TESIS | |
| Nota de tesis | Tesis Postgrado |
| Tipo de título | MAESTRO EN ENERGÍA Y AMBIENTE |
| Nombre de la institución que otorga el título | USAC, Facultad de Ingeniería, Escuela de Postgrado |
| Año de obtención del título | 2016 |
| Identificador de la tesis | TPI-16-0099 |
| 504 ## - NOTA DE BIBLIOGRAFÍA, ETC. | |
| Nota de bibliografía, etc. Nota | Bibliografía pag. 47 |
| 505 ## - NOTA DE CONTENIDO CON FORMATO | |
| Título | 1. MARCO TEÓRICO (clima, cambio climático) |
| 505 ## - NOTA DE CONTENIDO CON FORMATO | |
| Título | 2. PRESENTACIÓN DE RESULTADOS |
| 505 ## - NOTA DE CONTENIDO CON FORMATO | |
| Título | 3. PRESENTACIÓN DE PLAN DE GESTIÓN |
| 505 ## - NOTA DE CONTENIDO CON FORMATO | |
| Título | 4. DISCUSIÓN DE RESULTADOS |
| 520 #3 - RESUMEN, ETC. | |
| Sumario, etc. | El presente trabajo estima el impacto ambiental generado por la Organización Cáritas Zacapa, medido a través de los indicadores ambientales de huella de carbono y huella ecológica, generadas por la implementación de los diferentes proyectos de desarrollo rural. El estudio estimó la emisión de gases de efecto invernadero (GEI) según la generación directa e indirecta, identificada para los tres alcances que determinan la huella de carbono, teniendo la emisión total de CO2 equivalente emitido. La huella ecológica se estimó como base utilizando la emisión total de GEI de la organización y la aplicación de la metodología y factores aplicados para Guatemala. Al tener la estimación y saber los GEI más emitidos y las actividades, se diseñó un plan de gestión de huellas. |
| 650 ## - PUNTO DE ACCESO ADICIONAL DE MATERIA--TÉRMINO DE MATERIA | |
| Término de materia o nombre geográfico como elemento de entrada | HUELLA DE CARBONO |
| 700 ## - ENTRADA AGREGADA--NOMBRE PERSONAL | |
| Nombre de persona | M. Sc. Ing. Juan Carlos Fuentes Montepeque |
| 942 ## - ELEMENTOS DE ENTRADA SECUNDARIOS (KOHA) | |
| Fuente de la clasificación o esquema de estantería | Clasificación Decimal Dewey |
| Tipo de ítem Koha | TESISPOSTGRADO |
| 945 ## - PROCESAMIENTO DE INFORMACIÓN LOCAL (OCLC) | |
| a | amlo |
| Estatus retirado | Estado de pérdida | Fuente de la clasificación o esquema de estantería | Estado de daño | No para préstamo | Biblioteca de origen | Biblioteca actual | Fecha de adquisición | Número de inventario | Total de préstamos | Signatura topográfica completa | Código de barras | Visto por última vez | Precio de reemplazo | Tipo de ítem Koha | Nota pública |
|---|---|---|---|---|---|---|---|---|---|---|---|---|---|---|---|
| Clasificación Decimal Dewey | CENTRO DE INFORMACIÓN A LA CONSTRUCCIÓN-CICON | CENTRO DE INFORMACIÓN A LA CONSTRUCCIÓN-CICON | 05/11/2025 | P20160099 | TPI-16-0099 | 2016009 | 05/11/2025 | 05/11/2025 | TESISPOSTGRADO | disponible |